000
00263nam a2200109Ia 4500
008
220204s9999 xx 000 0 und d
082
_b
REE
100
_a
Reejhsinghai, A
245
0
_a
Great art of mughlai cooking
260
_a
new delhi
_b
vikas
_c
1979
942
_c
BK
999
_c
32106
_d
32106